Länder im World Giving Index - Statistiken

Allgemein
  • Dieses Quiz wurde 72 mal gespielt
  • Das Durchschnittsergebnis liegt bei 12 aus 25
Antwortstatistiken
Platz Land % Korrekt
22. Deutschland
99%
4. Vereinigte Staaten
97%
14. Kanada
91%
13. Norwegen
84%
5. Vereinigtes Königreich
82%
2. Australien
81%
3. Neuseeland
79%
24. Dänemark
74%
17. Island
71%
6. Irland
68%
11. Niederlande
68%
7. Singapur
57%
12. Vereinigte Arabische Emirate
46%
1. Indonesien
37%
18. Malta
29%
10. Bahrain
24%
16. Nigeria
19%
15. Haiti
15%
9. Myanmar
13%
8. Kenia
12%
25. Mauritius
10%
23. Trinidad und Tobago
7%
19. Liberia
6%
21. Sambia
6%
20. Sierra Leone
6%
Keine übereinstimmenden Quizze gefunden
Verteilung der Resultate
Anzahl Personen mit jedem Resultat
Perzentil nach korrekt beantworteten Fragen
Ihre Resultats-Entwicklung
Sie haben dieses Quiz noch nicht gespielt